00245nam a2200097Ia 4500008004100000082000800041100001500049245006200064942000600126999001500132240331s9999 xx 000 0 und d bHOO aHoole, S.R 0aEnforcing human right :btowards an egalitarian Sri Lanka cL c4998d4998